00912cam a22002773a 45000010005000000030006000050050017000110080041000280400015000690420007000840500007000911000028000982450092001262600029002185060030002475160020002776530025002976530038003226530046003606530059004068300028004658560041004939420007005349990019005419520074005602874PGUSA20140828083022.0040915s2004||||xxu|||||s|||||000 1 eng d aPGUSAbeng adc 4aPS1 aTwain, Mark,d1835-191010aPersonal Recollections of Joan of Arc — Volume 1h[electronic resource] /cMark Twain bProject Gutenberg,c2004 aPublic domain in the USA. aElectronic text aBiographical fiction aChristian women saints -- Fiction aJoan, of Arc, Saint, 1412-1431 -- Fiction aFrance -- History -- Charles VII, 1422-1461 -- Fiction 0aProject Gutenbergv287440uhttp://www.gutenberg.org/ebooks/2874 cEB c232206d232206 001040aGTBbGTBd2014-08-28l0r2014-08-28 00:00:00w2014-08-28yEB